000 00587cac a22001931u 4500
090 _c2287
008 081102t2007 xxu||||| |||| 00| 0 eng d
010 _a 2005058685
020 _a0205482635
020 _a0205503748
035 _a(OCoLC)ocm63116473
082 0 0 _a300.72
_bBER
245 1 0 _aQualitative Research Methods for the Social Sciences /
_cBruce L. Berg.
250 _a6th ed.
260 _aBoston :
_bPearson/Allyn & Bacon,
_cc2007.
300 _axvi, 384 p. :
_bill. ;
_c23 cm.
504 _aIncludes bibliographical references and indexes.
942 _cBB
_k300.72BER
_2ddc
999 _c2287
_d2287